| 000 | 00904cam a22002894a 4500 | ||
|---|---|---|---|
| 005 | 20260322212050.0 | ||
| 008 | data | ||
| 010 | _a 00052673 | ||
| 020 | _a0439442001 | ||
| 020 | _a9780439442008 | ||
| 040 |
_aDLC _cDLC _dDLC |
||
| 042 |
_alcac _alcac |
||
| 043 | _an-us--- | ||
| 050 | 0 | 0 |
_aGV1545.H8 _bC69 2001 |
| 082 | 0 | 0 |
_aB _aB _221 |
| 100 | 1 | _aCox, Clinton. | |
| 245 | 1 | 0 |
_aHoudini : _bmaster of illusion / _cClinton Cox. |
| 250 | _a1st Scholastic trade printing, Sept. 2002. | ||
| 260 |
_aNew York : _bScholastic press, _c2001. |
||
| 300 |
_axi, 194 p. : _bill. ; _c23 cm. |
||
| 600 | 1 | 0 |
_aHoudini, Harry, _d1874-1926 _vJuvenile literature. |
| 600 | 1 | 1 |
_aHoudini, Harry, _d1874-1926. |
| 650 | 0 |
_aMagicians _zUnited States _vJuvenile literature. _vJuvenile literature. |
|
| 650 | 0 |
_aEscape artists _zUnited States _vJuvenile literature. _vJuvenile literature. |
|
| 650 | 1 | _aMagicians. | |
| 001 | data | ||
| 999 |
_c1191 _d1191 |
||